| 000 | 00682nam a2200205 a 4500 | ||
|---|---|---|---|
| 005 | 20240925065141.0 | ||
| 008 | 010517m19751998es r 000 0 spa d | ||
| 020 | _a8420622990 | ||
| 035 | _aUPN01000106310 | ||
| 049 | _aCG | ||
| 050 | 4 |
_aHM251 _bA7.28 |
|
| 100 | 1 |
_aAronson, Elliot, _d1932- _928755 |
|
| 245 | 1 | 3 |
_aEl animal social : _bintroducción a la psicología social / _cElliot Aronson ; tr. Antonio Escohotado. |
| 260 |
_aMadrid : _bAlianza, _c1975 (1998 impr.). |
||
| 300 | _a452 p. | ||
| 440 | 0 |
_aAlianza universidad. _pCiencias sociales ; _v299 |
|
| 500 | _aEn la cubierta: "Nueva edición corregida y ampliada" | ||
| 650 | 4 |
_aPsicología social _95889 |
|
| 905 | _aLibro | ||
| 999 |
_c80223 _d80223 |
||